Normal view
MARC view
- القصص العربية القصيرة - الاردن- القرن 20
Entry Topical Term
001 - CONTROL NUMBER
- control field: 61063
003 - CONTROL NUMBER IDENTIFIER
- control field: JO-AjAnu
005 - DATE AND TIME OF LATEST TRANSACTION
- control field: 20230606083958.0
008 - FIXED-LENGTH DATA ELEMENTS
- fixed length control field: 230606|| aca||aabn | a|a d
040 ## - CATALOGING SOURCE
- Original cataloging agency: JO-AjAnu
- Transcribing agency: JO-AjAnu
150 ## - HEADING--TOPICAL TERM
- Topical term or geographic name entry element: القصص العربية القصيرة - الاردن- القرن 20
670 ## - SOURCE DATA FOUND
- Source citation: Work cat.: (JO-AjAnu)31145: المدني، صباح, author 61062, ليلة غادرني قلبي